BUBT Library Online Catalog

সম্পত্তি হস্তান্তর আইন/ (Record no. 7093)

000 -LEADER
fixed length control field 00791nam a22002177a 4500
003 - CONTROL NUMBER IDENTIFIER
control field BUBTL
008 - FIXED-LENGTH DATA ELEMENTS--GENERAL INFORMATION
fixed length control field 230914b ||||| |||| 00| 0 eng d
041 ## - LANGUAGE CODE
Language code of text/sound track or separate title বাংলা
082 ## - DEWEY DECIMAL CLASSIFICATION NUMBER
Classification number 345.0436/ J569t/ 2013
100 ## - MAIN ENTRY--PERSONAL NAME
9 (RLIN) 5467
Personal name জামিল, সৈয়দ হাসান
245 ## - TITLE STATEMENT
Title সম্পত্তি হস্তান্তর আইন/
Remainder of title সৈয়দ হাসান জামিল
250 ## - EDITION STATEMENT
Edition statement ৬ষ্ঠ সং
260 ## - PUBLICATION, DISTRIBUTION, ETC. (IMPRINT)
Place of publication, distribution, etc. ঢাকা
Name of publisher, distributor, etc. ন্যাশনাল ল‘ বুক হাউজ
Date of publication, distribution, etc. c2013
300 ## - PHYSICAL DESCRIPTION
Extent 414p. :
Other physical details ill. ; 22 cm.
526 ## - STUDY PROGRAM INFORMATION NOTE
Program name Law
650 #0 - SUBJECT ADDED ENTRY--TOPICAL TERM
9 (RLIN) 26
Topical term or geographic name as entry element Law
700 ## - ADDED ENTRY--PERSONAL NAME
9 (RLIN) 5467
Personal name জামিল, সৈয়দ হাসান
856 ## - ELECTRONIC LOCATION AND ACCESS
Password 0
Logon 0
Link text Download
942 ## - ADDED ENTRY ELEMENTS (KOHA)
Source of classification or shelving scheme
Koha item type Books
Holdings
Withdrawn status Lost status Source of classification or shelving scheme Damaged status Not for loan Collection code Permanent location Current location Shelving location Date acquired Source of acquisition Inventory number Total Checkouts Full call number Barcode Date last seen Copy number Price effective from Koha item type
        Not For Loan Non-fiction Bangladesh University of Business and Technology Library Bangladesh University of Business and Technology Library Law Stacks 03/27/2016 Purchase 22146   345.0436/ J569t/ 2013 BUBTL-200322146 09/14/2023 C-1 09/14/2023 Books
          Non-fiction Bangladesh University of Business and Technology Library Bangladesh University of Business and Technology Library Law Stacks 03/27/2016 Purchase 22147   345.0436/ J569t/ 2013 BUBTL-200322147 09/14/2023 C-2 09/14/2023 Books
          Non-fiction Bangladesh University of Business and Technology Library Bangladesh University of Business and Technology Library Law Stacks 03/27/2016 Purchase 22148   345.0436/ J569t/ 2013 BUBTL-200322148 09/14/2023 C-3 09/14/2023 Books

More Information About Library

Library Hours

  • Open: 9.00 am. to 9.00 pm.
  • Only Sunday: 9.00 am. to 6.00 pm.
  • Closed: Holiday

Contact to the University

Bangladesh University of Business and Technology Library

  • Mirpurl-2, 1216.
  • Phone:
  • Fax:
  • E-Mail: admin.library@bubt.edu.bd

Contact to the Library

Contact Person:

Md. Abdul Hakim Shah
Joint Librarian
PABX No:  113
Cell No: 01816332931
E-mail: official: admin.library@bubt.edu.bd
Personal: hakim.shah@bubt.edu.bd


BUBT Library

Copyright © 2021